Statistics for 新幹線駅地図クイズ

Click here to take the quiz!

General Stats

  • This quiz has been taken 851 times
  • The average score is 78 of 107

Answers on the Map

Answers color-coded by a green-red scale on the quiz's map according to % correct below.
 

Answer Stats

Answer% Correct
東京駅
97%
名古屋駅
93%
上野駅
93%
新大阪駅
93%
新横浜駅
92%
品川駅
92%
京都駅
92%
大宮駅
91%
仙台駅
91%
静岡駅
90%
新青森駅
90%
浜松駅
89%
新函館北斗駅
89%
新潟駅
89%
盛岡駅
89%
秋田駅
88%
金沢駅
88%
広島駅
88%
熱海駅
88%
小田原駅
88%
宇都宮駅
88%
博多駅
87%
新神戸駅
87%
福島駅
87%
岡山駅
86%
川内駅
85%
高崎駅
85%
岐阜羽島駅
85%
八戸駅
84%
山形駅
84%
熊本駅
84%
新富士駅
84%
富山駅
84%
米原駅
84%
鹿児島中央駅
83%
三島駅
83%
豊橋駅
83%
三河安城駅
82%
姫路駅
81%
長野駅
81%
郡山駅
80%
新山口駅
80%
掛川駅
80%
新下関駅
80%
小倉駅
80%
小山駅
78%
軽井沢駅
76%
那須塩原駅
75%
福山駅
74%
新庄駅
74%
熊谷駅
74%
西明石駅
73%
越後湯沢駅
73%
木古内駅
72%
二戸駅
72%
燕三条駅
72%
新倉敷駅
72%
本庄早稲田駅
72%
奥津軽いまべつ駅
72%
新白河駅
71%
相生駅
70%
新花巻駅
70%
新高岡駅
70%
長岡駅
70%
新鳥栖駅
68%
糸魚川駅
68%
七戸十和田駅
68%
上田駅
68%
一ノ関駅
67%
新八代駅
66%
上越妙高駅
66%
大曲駅
66%
東広島駅
66%
安中榛名駅
65%
新岩国駅
65%
久留米駅
64%
新尾道駅
63%
黒部宇奈月温泉駅
63%
くりこま高原駅
63%
いわて沼宮内駅
62%
白石蔵王駅
62%
徳山駅
60%
北上駅
60%
さくらんぼ東根駅
60%
米沢駅
59%
佐久平駅
59%
厚狭駅
59%
三原駅
58%
新水俣駅
58%
田沢湖駅
57%
浦佐駅
56%
筑後船小屋駅
56%
古川駅
56%
雫石駅
56%
上毛高原駅
56%
飯山駅
55%
水沢江刺駅
55%
角館駅
54%
新大牟田駅
53%
天童駅
51%
新玉名駅
49%
かみのやま温泉駅
48%
出水駅
48%
赤湯駅
46%
大石田駅
41%
高畠駅
39%
村山駅
37%

Score Distribution

Percentile by Number Answered

Percent of People with Each Score

Your Score History

You have not taken this quiz